| 000 | 01340cam a2200457 a 4500 | ||
|---|---|---|---|
| 001 | 22796 | ||
| 003 | SK-KTurca | ||
| 005 | 20260428072132.0 | ||
| 008 | 071011s2007 xo oa j d 001 0 slo d | ||
| 020 | _a9788080891145 (viaz.) | ||
| 035 | _a(VRT)vtls009149831 | ||
| 040 |
_aPOKPOH _bslo _cPOKPOH _dSNK _eAACR2 |
||
| 041 | 1 |
_aslo _heng |
|
| 044 |
_axo _cSK |
||
| 072 | 7 |
_a59 _xZoológia _2konspekt |
|
| 072 | 7 |
_a821-93 _xLiteratúra pre deti a mládež _2konspekt |
|
| 080 |
_a(0.062) _22001 |
||
| 080 |
_a(0.053.2) _22001 |
||
| 080 |
_a(084.11) _22001 |
||
| 080 |
_a599.742 _22001 |
||
| 130 | 0 |
_aBig cats. _lSlovensky |
|
| 245 | 1 | 0 |
_aŠelmy _b[život, potrava, mláďatá, lov, súboje _cz anglického originálu preložila Tatiana Laliková] |
| 250 | _a1. vyd. | ||
| 260 |
_aBratislava _bFragment _c2007 |
||
| 300 |
_a48 s. _bil. |
||
| 490 | 1 | _aVidím a spoznám | |
| 500 | _aSlovníček | ||
| 504 | _aReg. | ||
| 521 | 1 | _aPre čitateľov od 9 rokov | |
| 650 | 0 | 7 |
_ašelmy _2SNKPH |
| 653 | _a599.742 | ||
| 653 | _a(0.062) | ||
| 653 | _a(0.053.2) | ||
| 653 | _a(084.11) | ||
| 655 | 7 |
_apublikácie pre deti _2SNKPH |
|
| 655 | 7 |
_aobrazové publikácie _2SNKPH |
|
| 655 | 7 |
_apopulárno-náučné publikácie _2SNKPH |
|
| 700 | 1 |
_aLaliková, Tatiana, _d1954- _4trl |
|
| 830 | 0 | _aVidím a spoznám | |
| 942 |
_2ddc _cOLDE _n0 |
||
| 999 |
_c22796 _d22796 |
||